000
00190nmm a2200085Ia 4500
008
150209s2015||||xx |||||||||||||||||und||
100
_a
TANDAN,B.K
245
_a
HUMAN EMBRYOLOGY
942
_2
ddc
_c
CD
999
_c
5926
_d
5926